|
|
|
|
| LEADER |
00955cam a2200241 7i4500 |
| 001 |
0000026478 |
| 005 |
20110606090000.0 |
| 090 |
0 |
0 |
|a PHOT 338.7
|b MAL (CD)
|
| 110 |
2 |
0 |
|a Malaysia External Trade Development Corporation (MATRADE)
|
| 245 |
2 |
0 |
|a Official opening OIC Trade Forum & Trade Exhibition (20 June 2005 : International Convention Centre, Putrajaya).
|
| 300 |
# |
# |
|a 146 photographs:
|b col.;
|c 1CD-RW.
|
| 500 |
0 |
0 |
|a Photographs
|
| 650 |
0 |
0 |
|a Halim Mohammad, Tan Sri Dato'
|
| 650 |
0 |
0 |
|a Merlyn Kasimir, Datuk
|
| 650 |
0 |
0 |
|a Rafidah Aziz, Dato' Seri
|
| 650 |
0 |
0 |
|a MATRADE --
|x Photograph collection --
|x 2005
|
| 650 |
0 |
0 |
|a Abdullah Ahmad Badawi, Dato' Seri
|
| 650 |
0 |
0 |
|a Mohd Sidek Haji Hassan, Tan Sri Dato'
|
| 650 |
0 |
0 |
|a Nor Mohamed Yakcop, Senator Tan Sri
|
| 650 |
0 |
0 |
|a Products --
|x Furniture
|
| 650 |
0 |
0 |
|a Products --
|x Automotive
|
| 650 |
0 |
0 |
|a Mohammad Izat Emir, Dato'
|
| 999 |
|
|
|a PC00000136
|b Photographs
|c Photographs
|e Business Information Centre
|